header

Review of the scientific approaches used during the FBI's investigation of the 2001 anthrax letters (Record no. 222495)

MARC details
000 -LEADER
fixed length control field 01348nam a2200265Ia 4500
245 10 - TITLE STATEMENT
Title Review of the scientific approaches used during the FBI's investigation of the 2001 anthrax letters
260 ## - PUBLICATION, DISTRIBUTION, ETC. (IMPRINT)
Place of publication Washington, DC :
Name of publisher National Academies Press (NAP),
Year of publication 2011.
300 ## - PHYSICAL DESCRIPTION
Number of Pages xxii, 209 p.
650 #0 - SUBJECT ADDED ENTRY--TOPICAL TERM
Topical Term Bioterrorism.
Topical Term Anthrax.
856 40 - ELECTRONIC LOCATION AND ACCESS
Uniform Resource Identifier http://site.ebrary.com/lib/rucke/Doc?id=10478245

No items available.

© 2026 Rongo University
Contact us: librarian | system librarian | Rongo university